Programming PIC microcontrollers using PICBASIC (E-Book) (Record no. 191411)
[ view plain ]
| 000 -LEADER | |
|---|---|
| fixed length control field | 01127 a2200265 4500 |
| 003 - CONTROL NUMBER IDENTIFIER | |
| control field | Nust |
| 005 - DATE AND TIME OF LATEST TRANSACTION | |
| control field | 20170207154015.0 |
| 010 ## - LIBRARY OF CONGRESS CONTROL NUMBER | |
| LC control number | 2002728397 |
| 020 ## - INTERNATIONAL STANDARD BOOK NUMBER | |
| International Standard Book Number | 1589950011 |
| 035 ## - SYSTEM CONTROL NUMBER | |
| System control number | (OCoLC)ocm48783694 |
| 040 ## - CATALOGING SOURCE | |
| Transcribing agency | Nust |
| 082 04 - DEWEY DECIMAL CLASSIFICATION NUMBER | |
| Classification number | 629.8955133 |
| 100 1# - MAIN ENTRY--PERSONAL NAME | |
| Personal name | Hellebuyck, Chuck. |
| 245 10 - TITLE STATEMENT | |
| Title | Programming PIC microcontrollers using PICBASIC (E-Book) |
| Statement of responsibility, etc. | by Chuck Hellebuyck. |
| 260 ## - PUBLICATION, DISTRIBUTION, ETC. | |
| Place of publication, distribution, etc. | Amsterdam ; |
| -- | Boston : |
| Name of publisher, distributor, etc. | Newnes, |
| Date of publication, distribution, etc. | c2003. |
| 300 ## - PHYSICAL DESCRIPTION | |
| Extent | xiii, 317 p. : |
| Other physical details | ill. ; |
| Dimensions | 23 cm. |
| Accompanying material | + 1 CD-ROM (4 3/4 in.) |
| 440 #0 - SERIES STATEMENT/ADDED ENTRY--TITLE | |
| Title | Embedded technology series |
| 505 ## - FORMATTED CONTENTS NOTE | |
| Formatted contents note | Getting Familiar With Pics And Picbasic - Picbasic Compiler (PBC) - The Picbasic Pro Compiler - Inside The PIC Microcontroller - Inside The PIC Microcontroller - Moving On With The 16F876 - Communication - Memory And Sound - Robotics |
| 650 #0 - SUBJECT ADDED ENTRY--TOPICAL TERM | |
| Topical term or geographic name entry element | BASIC Stamp computers. |
| 650 #0 - SUBJECT ADDED ENTRY--TOPICAL TERM | |
| Topical term or geographic name entry element | Microcontrollers |
| General subdivision | Programming. |
| 650 #0 - SUBJECT ADDED ENTRY--TOPICAL TERM | |
| Topical term or geographic name entry element | Programmable controllers. |
| 651 ## - SUBJECT ADDED ENTRY--GEOGRAPHIC NAME | |
| Geographic name | (E-Book) |
| 856 42 - ELECTRONIC LOCATION AND ACCESS | |
| Materials specified | Publisher description |
| Uniform Resource Identifier | <a href="http://www.loc.gov/catdir/description/els031/2002728397.html">http://www.loc.gov/catdir/description/els031/2002728397.html</a> |
| 856 42 - ELECTRONIC LOCATION AND ACCESS | |
| Materials specified | Table of contents |
| Uniform Resource Identifier | <a href="http://www.loc.gov/catdir/toc/els031/2002728397.html">http://www.loc.gov/catdir/toc/els031/2002728397.html</a> |
| 942 ## - ADDED ENTRY ELEMENTS (KOHA) | |
| Source of classification or shelving scheme | |
| Koha item type | Book |
| Withdrawn status | Lost status | Source of classification or shelving scheme | Damaged status | Not for loan | Collection code | Permanent Location | Current Location | Date acquired | Total Checkouts | Full call number | Barcode | Date last seen | Price effective from | Koha item type |
|---|---|---|---|---|---|---|---|---|---|---|---|---|---|---|
| Military College of Signals (MCS) | Military College of Signals (MCS) | 12/12/2016 | 629.8955133 | MCSEB-369 | 12/08/2016 | 12/12/2016 | Book |
